000 00669nac a22001931u 4500
020 _a0333472896 (pbk) :
082 _a621.3804
_bL9891
090 _c4754
_d4754
100 _aLynn, Paul A. (Paul An,
245 _aElectronic signals and systems.
_cPaul A Lynn
260 _bELBS, c 1988.
_cc 1988.
300 _a xi,332p.
_c24 cm
504 _aincludes index
650 _aSignal theory (Telecommunication)
650 _aCommunication systems
650 _aSignals
942 _cBB
_k621.3804L9891
999 _c4754
_d4754